Arder en deseos. La concepción de la fotografía.

Uloženo v:
Podrobná bibliografie
Hlavní autor: Batchen, Geoffrey (autor)
Další autoři: Fernández Lera, Antonio (traducción)
Médium: Kniha
Jazyk:španělština
Vydáno: Barcelona, España: Gustavo Gili, 2004.
Témata:
Tagy: Přidat tag
Žádné tagy, Buďte první, kdo vytvoří štítek k tomuto záznamu!

MARC

LEADER 00000nam a22000007a 4500
003 CL-VaPUC
005 20250321101922.0
008 250116t2004 ||||| |||| 00| 0 spa d
999 |c 446573  |d 446571 
020 |a 84-252-1534-X 
040 |c Pontificia Universidad Católica de Valparaíso 
082 |2 22  |a 770.1 BAT 2004 
100 |9 895478  |a Batchen, Geoffrey  |e autor 
245 |a Arder en deseos.  |b La concepción de la fotografía. 
260 |a Barcelona, España:  |b Gustavo Gili,  |c 2004. 
300 |a 255 páginas. 
500 |a c.1-4: Instituto Arcos. 08-01-2025 
583 |c 20250116  |k Yessy Sthefany Diaz Vidal 
650 0 |9 268495  |a Fotografía  |x Filosofía y teoría  |y Siglos 17-19 
650 0 |9 268495  |a Fotografía  |v Crítica histórica 
700 |9 891759  |a Fernández Lera, Antonio   |e traducción 
942 |2 ddc  |c BK  |n 0 
952 |0 0  |1 0  |2 ddc  |4 0  |6 770_100000000000000_BAT_2004  |7 0  |8 A  |9 599437  |a BIBINC  |b BIBINC  |d 2025-01-16  |e Instituto Arcos  |i 5664292  |o 770.1 BAT 2004  |p 5664292  |r 2025-01-16  |t 1  |w 2025-01-16  |y BK  |k IFP 
952 |0 0  |1 0  |2 ddc  |4 0  |6 770_100000000000000_BAT_2004  |7 0  |8 A  |9 599438  |a BIBINC  |b BIBINC  |d 2025-01-16  |e Instituto Arcos  |i 5664293  |o 770.1 BAT 2004  |p 5664293  |r 2025-01-16  |t 2  |w 2025-01-16  |y BK  |k IFP 
952 |0 0  |1 0  |2 ddc  |4 0  |6 770_100000000000000_BAT_2004  |7 0  |8 A  |9 599439  |a BIBINC  |b BIBINC  |d 2025-01-16  |e Instituto Arcos  |i 5664294  |o 770.1 BAT 2004  |p 5664294  |r 2025-01-16  |t 3  |w 2025-01-16  |y BK  |k IFP 
952 |0 0  |1 0  |2 ddc  |4 0  |6 770_100000000000000_BAT_2004  |7 0  |8 A  |9 599440  |a BIBINC  |b BIBINC  |d 2025-01-16  |e Instituto Arcos  |i 5664295  |o 770.1 BAT 2004  |p 5664295  |r 2025-01-16  |t 4  |w 2025-01-16  |y BK  |k IFP